Score 0/26 Timer 02:00
1 Play Today
Clue 3-Letter Word % Correct
Day of the week, for shortMON.
98.7%
Day of the week, for shortTUE.
97.3%
Day of the week, for shortWED.
97%
Dad's wifeMOM
96.4%
A coffee holderMUG
93.3%
Day of the week, for shortFRI.
92.7%
Golf ball holderTEE
92.4%
Day of the week, for shortTHU.
92.2%
A small boat for pulling a big boatTUG
92.1%
Day of the week, for shortSAT.
89.7%
Harry Potter's red-headed best friendRON
89.3%
SilentMUM
88.4%
Day of the week, for shortSUN.
88.1%
Clue 3-Letter Word % Correct
TeensyWEE
87.4%
Serial killer BundyTED
87.1%
Cook in hot oilFRY
86.8%
Child's playthingTOY
85.8%
Prefix for 3TRI
82.2%
Male offspringSON
81.6%
Perform in a marathonRUN
80.2%
Speak wordsSAY
79.2%
Silent film director BrowningTOD
74.2%
Eliza Dushku's '___ Calling'TRU
73.2%
Wray of 'King Kong'FAY
73.1%
Archaic 2nd person possessive wordTHY
72.6%
One who drinks too muchSOT
71.4%

Today's Daily Dose

Remove Ads.
Support Sporcle.
Get the best of Sporcle when you Go Orange. This ad-free experience offers more features, more stats, and more fun while also helping to support Sporcle. Thank you for becoming a member.

You're not logged in!

Compare scores with friends on all Sporcle quizzes.
OR
Log In

Show Comments

Extras

Top Quizzes Today


Score Distribution

Your Account Isn't Verified!

In order to create a playlist on Sporcle, you need to verify the email address you used during registration. Go to your Sporcle Settings to finish the process.

Report this User

Report this user for behavior that violates our Community Guidelines.

Details: